| 000 | 01405nam a2200421Ia 4500 | ||
|---|---|---|---|
| 001 | dia_5999 | ||
| 003 | CHAP | ||
| 005 | 20230602185039.0 | ||
| 007 | ta | ||
| 008 | 220117s2005 sp gr 001 e spa d | ||
| 010 | _a177164 | ||
| 020 | _a978-84-96546-09-7 (Ediciones B) | ||
| 020 | _a84-666-1950-X (Vergara Grupo Zeta) | ||
| 040 |
_cCHAP _amxchpua |
||
| 050 | 1 | 0 |
_aBL520.C37 _b.W45 2005 |
| 082 | 0 | 0 |
_a808.83937 _bW45 M83 2005 _220 |
| 100 | 1 |
_aWeiss, Brian _9160383 _eautor |
|
| 240 | 1 | 0 |
_aMany lives, many masters. _lEspañol |
| 245 | 1 | 0 |
_aMuchas vidas, muchos maestros / _cBrian Weiss ; traductor Edith Zilli |
| 264 |
_aBarcelona, España : _bEdiciones B : Vergara Grupo Zeta, _c2005 |
||
| 300 | _a229 páginas | ||
| 440 |
_aB de Bolsillo _9160384 |
||
| 490 | 1 | _aB de Bolsillo (Ediciones B) | |
| 490 | 1 | _aMillenium (Ediciones B) | |
| 650 | 1 | 3 |
_aNovela _982011 |
| 650 | 1 | 3 |
_aLiteratura americana _ySiglo XX _9153261 |
| 650 | 1 | 3 |
_aReencarnación _9160385 |
| 650 | 1 | 3 |
_aAmerican literature _y20th century _9153260 |
| 650 | 1 | 3 |
_aFiction _9152751 |
| 650 | 1 | 3 |
_aReincarnation _9160386 |
| 700 | 1 |
_aZilli, Edith _9160387 _etraductora |
|
| 830 |
_9187328 _aMillenium (Ediciones B) |
||
| 830 | 0 |
_9160384 _aB de Bolsillo (Ediciones B) |
|
| 901 | _a808.83937 W45 M83 2005 | ||
| 902 | _aA | ||
| 905 | _a5232272005 sp x 9222222322spa16 | ||
| 942 |
_cLIBRO _2ddc |
||
| 999 |
_c177164 _d177164 |
||